00869nam a2200181 a 450000100100000000500170001000800410002704000250006808200150009311101510010824501400025926000690039930000330046870000460050104900090054795201140055699900170067000002907620210408120842.0110413s1993 dr ac 000 0 spa d aDO-SdBNPbspacBNPHU axxxbC748r1 aConferencia roles de las zonas francas industriales en el desarrollo económico de la República Dominicnad(1993: oct. 5cSanto Domingo)95597510aRoles de las zonas francas industriales en el desarrollo económico de la República Dominicna /cJosé Antonio Guzamán Álvares. aSanto Domingo :bUniversidad Autónoma de Santo Domingo,c1993. a27 p. :bil. retr. ;c22 cm. aGuzmán Álvares, José Antonio955976 aBNPD 00107-18PDaPDbPDcOId2011-04-13iLF1l0oxxx C748rp29076-10r2020-06-25w2020-06-25yLFPDZNo se presta c28568d28568